| 000 | 00000nas##2200000za#4500 |
| 001 | 9.512855 |
| 003 | CaOODSP |
| 005 | 20220328113235 |
| 007 | ta |
| 008 | 150406c1998||||xxc|| m #||||f| |0fre|d |
| 022 | |a0706-8468 |
| 040 | |aCaOODSP|bfre |
| 043 | |an-cn--- |
| 086 | 1 |aC21-29F |
| 110 | 1 |aCanada. |bIndustrie Canada. |
| 245 | 10|aCarte routière technologique |
| 260 | |aOttawa - Ontario : |bIndustrie Canada |
| 500 | |a«Les cartes routières technologiques représentent les technologies cruciales dont aura besoin l'industrie pour répondre aux besoins du marché dans cinq à dix ans. Elles visent à aider l'industrie, les établissements d'enseignement, les organismes de recherche et les gouvernements du Canada à repérer et à prioriser les technologies cruciales qui, elles, orienteront leurs décisions stratégiques en matière de recherche, de développement, de commercialisation et d'investissement.» |
| 520 | 3 |aLes cartes routières technologiques représentent les technologies cruciales dont aura besoin l'industrie pour répondre aux besoins du marché dans cinq à dix ans. Elles visent à aider l'industrie, les établissements d'enseignement, les organismes de recherche et les gouvernements du Canada à repérer et à prioriser les technologies cruciales qui, elles, orienteront leurs décisions stratégiques en matière de recherche, de développement, de commercialisation et d'investissement |
| 563 | |aCouverture souple |
| 775 | 08|tTechnology road map |w(CaOODSP)9.514440 |
| 776 | 0#|tCarte routière technologique.|w(CaOODSP)9.888991 |